| 000 | 00521nam a22001577a 4500 | ||
|---|---|---|---|
| 005 | 20231123074551.0 | ||
| 008 | 231123b |||||||| |||| 00| 0 eng d | ||
| 041 | _aEnglish | ||
| 082 | _a342 CON | ||
| 100 | _lEnglish | ||
| 245 |
_aConstitutionalism and Constitution of India / _cedited by OP Sharma and TP Singh |
||
| 260 |
_aNew Delhi : _bThe office of the Bar Council of India Trust, _c1997 |
||
| 300 |
_bvi, 274 pages ; _c25,3 cm. |
||
| 650 |
_aLegal practice _bLaw |
||
| 942 |
_cBK _6ALISON_BN_VRIES |
||
| 999 |
_c872 _d872 |
||